Профессиональное моделирование для формирования компетенций элитных технических специалистов; Актуальные социальные проблемы молодежи и образования

Bibliografische gegevens
Parent link:Актуальные социальные проблемы молодежи и образования.— 2012.— [С. 81-85]
Hoofdauteur: Колодий Н. А. Наталия Андреевна
Andere auteurs: Арляпова Е. В. Елена Викторовна, Агранович В. Б. Виктория Борисовна
Samenvatting:Заглавие с титульного листа
Taal:Russisch
Gepubliceerd in: 2012
Reeks:Личностно-ориентированная образовательная среда в развитии молодежи
Onderwerpen:
Online toegang:http://www.lib.tpu.ru/fulltext/c/2012/C06/025.pdf
Formaat: Elektronisch Hoofdstuk
KOHA link:https://koha.lib.tpu.ru/cgi-bin/koha/opac-detail.pl?biblionumber=237628

MARC

LEADER 00000nla2a2200000 4500
001 237628
005 20240222174701.0
035 |a (RuTPU)RU\TPU\book\258803 
035 |a RU\TPU\book\258797 
090 |a 237628 
100 |a 20130516d2012 k y0rusy50 ca 
101 0 |a rus 
102 |a RU 
105 |a y z 101zy 
135 |a drnn ---uucaa 
181 0 |a i  
182 0 |a b 
200 1 |a Профессиональное моделирование для формирования компетенций элитных технических специалистов  |f Н. А. Колодий, Е. В. Арляпова, В. Б. Агранович 
203 |a Текст  |c электронный 
215 |a 1 файл (340 Кб) 
225 1 |a Личностно-ориентированная образовательная среда в развитии молодежи 
300 |a Заглавие с титульного листа 
337 |a Adobe Reader 
463 1 |0 (RuTPU)RU\TPU\book\251273  |t Актуальные социальные проблемы молодежи и образования  |o сборник трудов молодежной научной школы, г. Томск, 18-19 июня 2012 г.  |f Национальный исследовательский Томский политехнический университет (ТПУ), Институт социально-гуманитарных технологий (ИСГТ) ; ред. коллегия Е. В. Арляпова ; С. В. Дементьева ; Л. Г. Кирьянова ; Н. А. Колодий ; Д. Е. Крапчунов  |v [С. 81-85]  |d 2012 
610 1 |a электронный ресурс 
610 1 |a труды учёных ТПУ 
610 1 |a компетентность 
610 1 |a специалисты 
610 1 |a университеты 
610 1 |a модернизация 
610 1 |a тренинги 
610 1 |a профессиональные компетенции 
610 1 |a моделирование 
700 1 |a Колодий  |b Н. А.  |c специалист в области культурологии и социальной коммуникации  |c профессор Томского политехнического университета, кандидат философских наук  |f 1958-  |g Наталия Андреевна  |3 (RuTPU)RU\TPU\pers\27134  |9 12674 
701 1 |a Арляпова  |b Е. В.  |c специалист в области социальных коммуникаций  |c доцент Томского политехнического университета, кандидат философских наук  |f 1971-  |g Елена Викторовна  |3 (RuTPU)RU\TPU\pers\24727 
701 1 |a Агранович  |b В. Б.  |c философ  |c доцент Томского политехнического университета, кандидат философских наук  |f 1967-  |g Виктория Борисовна  |3 (RuTPU)RU\TPU\pers\24647  |9 10911 
801 1 |a RU  |b 63413507  |c 20130515 
801 2 |a RU  |b 63413507  |c 20130516  |g RCR 
856 4 |u http://www.lib.tpu.ru/fulltext/c/2012/C06/025.pdf 
942 |c CF